000 00330nam a22001337a 4500
008 170503b xxu||||| |||| 00| 0 eng d
020 _a9780820554617
041 _aeng
080 _a34
100 _a13
101 _aSHJ
245 _aFEDERAL CIURTS CASES AND MATERIALS JUDICAL FEDERALISM
_cHELLMAN.A.D
942 _2udc
_cBK
999 _c12563
_d12563